| 000 | 00799nam a2200217 a 4500 | ||
|---|---|---|---|
| 001 | BRCA_2257 | ||
| 005 | 20190320203731.0 | ||
| 008 | 880719m19871988mx-a---##b---f000-0#spa-# | ||
| 040 |
_aDLC _cDLC _dDLC |
||
| 050 | 4 |
_aN7914 _b.C38 1987 |
|
| 245 | 1 | 0 | _aCatálogo nacional de monumentos históricos muebles. |
| 260 |
_aMéxico _bDepartamento del Distrito Federal : INAH _c1987-1988 |
||
| 300 |
_a3 v. _bil. _c28 cm. |
||
| 500 | _aLa biblioteca solo cuenta con el vol. 3 | ||
| 504 | _aIncluye referencias bibliográficas | ||
| 505 | 0 | _aContenido : v.1. Catedral de Puebla. -- v.2. Tlalpan. -- v.3 Xochimilco | |
| 650 | 1 | 4 |
_aArte cristiano y simbolismo _vCatálogos _zMéxico _9380 |
| 650 | 1 | 4 |
_aArte colonial _vCatálogos _zMéxico _93573 |
| 650 | 1 | 4 |
_aIglesias _vCatálogos _zMéxico _96778 |
| 942 |
_2lcc _cB |
||
| 999 |
_c2006 _d2006 |
||